[Event "Challenge"]
[Site "http://www.queenalice.com/game.php?id=610105"]
[Date "2009.6.28"]
[Round "-"]
[White "dtrainey"]
[Black "brooknewton"]
[Result "0-1"]
[WhiteElo "1501"]
[BlackElo "1505"]

1. c3 e5 2. e4 b5 3. Bxb5 c6 4. Ba4 Na6 5. d4 Bb7 6. Be3 d5 7. Nd2 exd4 8. Bxd4
f6 9. e5 Qe7 10. Ngf3 O-O-O 11. Qe2 c5 12. Be3 fxe5 13. g3 d4 14. Bg5 Nf6 15.
Nxe5 h6 16. Bb5 Bxh1 17. Ng6 Qxe2+ 18. Kxe2 Re8+ 19. Bxe8 Rg8 20. Bf7 hxg5 21.
Rxh1 Bd6 22. Nc4 Rd8 23. a3 Bc7 24. Ne7+ Kd7 25. Ng6 Ng8 26. Rd1 Nh6 27. cxd4
Nxf7 28. dxc5+ Kc6 29. Nce5+ Nxe5 30. Nxe5+ Kxc5 31. Nd7+ Kc6 32. Ne5+ Kb7 33.
Rd7 Re8 34. f4 gxf4 35. gxf4 g5 36. Kf3 gxf4 37. Kxf4 Nc5 38. Rd5 Nd7 39. Rxd7
Kc8 40. h4 Bxe5+ 41. Ke4 Kxd7 42. b4 Bb2+ 43. Kd5 Bxa3 44. h5 Bxb4 0-1

[Event "dida-2"]
[Site "http://www.queenalice.com/game.php?id=615182"]
[Date "2009.7.8"]
[Round "3"]
[White "brooknewton"]
[Black "LancFred"]
[Result "0-1"]
[WhiteElo "1524"]
[BlackElo "1443"]

1. e4 e5 2. f3 Nf6 3. g4 d5 4. d4 dxe4 5. dxe5 Qxd1+ 6. Kxd1 Nfd7 7. f4 f6 8. e6
Nc5 9. f5 g6 10. a4 b6 11. b4 Nb7 12. Nc3 Nd6 13. Bg2 Bb7 14. Nge2 h5 15. Nf4
Rg8 16. Nfd5 Kd8 17. Nxf6 Rg7 18. Bg5 Be7 19. Re1 gxf5 20. Bh6 Rg6 21. g5 Bxf6
22. h4 Bxc3 23. Ra3 Bxe1 24. Kxe1 Rxe6 25. Bg7 Nc4 26. Rc3 Rc6 27. Bh3 Nd6 28.
Rb3 Rxc2 29. Rb1 Rh2 30. Bf1 Rxh4 31. Bf6+ Ke8 32. g6 Rg4 33. g7 Nd7 34. Ba1 Ke7
35. Be2 Rg1+ 36. Bf1 Nf7 37. Kf2 Rg5 38. Rc1 c5 39. bxc5 bxc5 40. a5 Nfe5 41. a6
Bd5 42. Rd1 Ke6 43. g8=Q+ Raxg8 44. Bc3 Nd3+ 45. Ke2 Bc4 46. Kd2 N3e5 47. Bh3
Rg3 48. Rh1 Ng4 49. Kc2 Nf2 50. Bxf5+ Kxf5 51. Rxh5+ Kg6 52. Rh2 Bd3+ 53. Kd2
e3+ 54. Ke1 Rg1# 0-1

[Event "Let's Play Chess!"]
[Site "http://www.queenalice.com/game.php?id=628661"]
[Date "2009.8.2"]
[Round "-"]
[White "brooknewton"]
[Black "oldfar"]
[Result "0-1"]
[WhiteElo "1496"]
[BlackElo "1557"]

1. e4 e5 2. h4 Nf6 3. f3 Nc6 4. c3 a6 5. b4 b5 6. a4 Bb7 7. g4 d5 8. h5 h6 9. d4
dxe4 10. d5 Nxd5 11. Ra3 exf3 12. Nxf3 Be7 13. Nbd2 Ne3 14. Qb3 Nxg4 15. Ne4 f5
16. Nc5 Bxc5 17. bxc5 Ne7 0-1

[Event "Let's Play Chess!"]
[Site "http://www.queenalice.com/game.php?id=628825"]
[Date "2009.8.3"]
[Round "-"]
[White "spawnwolfwolverine"]
[Black "brooknewton"]
[Result "1-0"]
[WhiteElo "1700"]
[BlackElo "1504"]

1. c4 e5 2. d3 d5 3. cxd5 Qxd5 4. e4 Qd4 5. Nc3 Bc5 6. Qe2 Bg4 7. f3 Be6 8. Bd2
Qb4 9. b3 Qa3 10. Nd5 Na6 11. g4 Bd4 12. Rc1 c6 13. Nc3 Bxc3 14. Bxc3 Qxc1+ 15.
Kf2 Qxc3 16. h4 O-O-O 17. Bh3 Rxd3 18. g5 1-0

[Event "Let's Play Chess!"]
[Site "http://www.queenalice.com/game.php?id=631280"]
[Date "2009.8.6"]
[Round "-"]
[White "brooknewton"]
[Black "aureliano"]
[Result "0-1"]
[WhiteElo "1521"]
[BlackElo "1497"]

1. e4 e5 2. f3 Nf6 3. g4 Be7 4. a3 O-O 5. h4 Bc5 6. Ne2 d6 7. h5 Nc6 8. g5 Ne8
9. f4 f6 10. gxf6 Qxf6 11. c3 exf4 12. d4 Bb6 13. Nxf4 h6 14. b4 Ne7 15. a4 a5
16. b5 c6 17. d5 cxd5 18. Nxd5 Qf2# 0-1

[Event "Challenge"]
[Site "http://www.queenalice.com/game.php?id=835241"]
[Date "2010.9.20"]
[Round "-"]
[White "shimrah"]
[Black "brooknewton"]
[Result "1-0"]
[WhiteElo "1367"]
[BlackElo "1496"]

1. e3 e5 2. Nf3 f6 3. c3 g5 4. d4 d6 5. Qa4+ c6 6. c4 a6 7. Nc3 h5 8. d5 Bd7 9.
Bd3 Rh6 10. e4 c5 11. Nb5 h4 12. Bd2 Rh7 13. O-O-O g4 14. Rhg1 gxf3 15. Ba5 Bxb5
16. cxb5 axb5 17. Qxb5+ Qd7 18. gxf3 Rg7 19. Rg4 Rxg4 20. fxg4 Qxb5 21. Bxb5+
Nd7 22. Bc3 Rxa2 23. f4 Bh6 24. Kb1 Ra7 25. b4 Bxf4 26. h3 Ra3 27. Kb2 cxb4 28.
Bxb4 Rxh3 29. Ra1 Ke7 30. Ra7 Nc5 31. Bxc5 dxc5 32. Rxb7+ Kf8 33. d6 Rh2+ 34.
Kb3 Bc1 35. Kc4 h3 36. d7 Rd2 37. Rb8+ Ke7 38. Rxg8 h2 39. Rh8 Rd4+ 40. Kxc5 Bf4
41. Kb6 Rd1 42. Kc7 Bg3 43. Rh7+ Kf8 44. d8=Q+ Rxd8 45. Kxd8 Kg8 46. Rh3 Bf4 47.
Bf1 Kg7 48. Bg2 Kg6 49. Bf3 Kf7 50. Kd7 Kg6 51. Ke6 Kg7 52. Kf5 Kf7 53. Rh7+ Kg8
54. Rb7 Bh6 55. Kxf6 Kh8 56. Kg6 Bf8 57. Rb8 Kg8 58. Rc8 h1=Q 59. Bxh1 Kh8 60.
Rxf8# 1-0

[Event "Challenge"]
[Site "http://www.queenalice.com/game.php?id=851990"]
[Date "2010.10.29"]
[Round "-"]
[White "shimella"]
[Black "brooknewton"]
[Result "0-1"]
[WhiteElo "1263"]
[BlackElo "1455"]

1. e4 e5 2. Nf3 d6 3. d4 c6 4. c3 f6 5. Bc4 Ne7 6. Nbd2 b5 7. Bb3 g5 8. h4 g4 9.
Nh2 h5 10. f3 gxf3 11. Nhxf3 a5 12. d5 a4 13. dxc6 axb3 14. Qxb3 Nexc6 15. c4
Na5 16. Qxb5+ Nbc6 17. b4 Ba6 18. Qa4 Rb8 19. a3 Bxc4 20. Qc2 Nd4 21. Nxd4 exd4
22. Nxc4 Nc6 23. Qa4 Rc8 24. b5 Ne5 25. Nxe5 dxe5 26. b6+ Qd7 27. Qa6 Bd6 28.
O-O Rh7 29. Rxf6 Bc5 30. b7 Qxb7 31. Qe6+ Re7 32. Qf5 Rg7 33. Bg5 d3+ 34. Kh1
Rd8 35. Rc1 Bxa3 36. Rc3 d2 37. Bxd2 Rxd2 38. Rf8+ Bxf8 39. Qxe5+ Re7 40. Qxh5+
Kd8 41. Qh8 Qxe4 42. Rg3 Qf4 43. Qc3 Re1+ 44. Kh2 Qxh4+ 45. Rh3 Bd6+ 46. Qg3
Bxg3# 0-1

[Event "Challenge"]
[Site "http://www.queenalice.com/game.php?id=867445"]
[Date "2010.12.4"]
[Round "-"]
[White "shimrah"]
[Black "brooknewton"]
[Result "1-0"]
[WhiteElo "1365"]
[BlackElo "1475"]

1. e4 e5 2. Ne2 c5 3. c3 a5 4. d4 d5 5. exd5 Qxd5 6. Nd2 cxd4 7. Nf3 f6 8. cxd4
Bb4+ 9. Bd2 g5 10. Nc3 Qc6 11. Bb5 Qxb5 12. Nxb5 e4 13. Nc7+ Kd8 14. Nxa8 exf3
15. Qxf3 h5 16. O-O-O g4 17. Qd5+ Bd7 18. a3 Ne7 19. Qxb7 Bd6 20. Bxa5+ Ke8 21.
Nc7+ Bxc7 22. Qxc7 Kf7 23. Rhe1 Rc8 24. Re2 Rxc7+ 25. Bxc7 Nbc6 26. Rde1 Nd5 27.
Bd6 Bf5 28. Re8 Ne5 29. Rf8+ Ke6 30. dxe5 fxe5 31. Bxe5 Kd7 32. Rxf5 Ke6 33. Rf8
Ne7 34. Bf6+ Kd7 35. Bxe7 h4 36. Rd8+ Kc7 37. Re5 Kb7 38. Rd6 Kc7 39. Rc5+ Kb7
40. Bd8 h3 41. Rb6+ Ka7 42. Ra5# 1-0

[Event "It is down to you..."]
[Site "http://www.queenalice.com/game.php?id=907049"]
[Date "2011.3.1"]
[Round "-"]
[White "brooknewton"]
[Black "shimrah"]
[Result "0-1"]
[WhiteElo "1463"]
[BlackElo "1357"]

1. d4 d5 2. f4 g6 3. e3 f5 4. c4 Nf6 5. c5 Nc6 6. a3 Ne4 7. Qe2 e5 8. fxe5 Bg7
9. Nc3 Nxe5 10. dxe5 Bxe5 11. Nxe4 dxe4 12. Bd2 b6 13. Bc3 Qf6 14. Qc4 Be6 15.
Qb4 a5 16. Bb5+ Bd7 17. O-O-O axb4 18. Bxd7+ Kf7 19. Bxb4 Bxb2+ 20. Kb1 Bxa3 21.
Bxa3 Rxa3 22. Ne2 Qa1+ 23. Kc2 Qa2+ 24. Kc1 Qxe2 25. Rd2 Qxe3 26. Bb5 Ra1+ 27.
Kc2 Ra2+ 28. Kb1 Qxd2 29. Bc4+ Kf6 30. Bxa2 Ra8 31. Bb3 Qb4 32. Kb2 Ra3 33. Rd1
Qxb3+ 34. Kc1 Ra1+ 35. Kd2 Rxd1+ 36. Ke2 Rd3 37. Kf2 Qc2+ 38. Ke1 Rd1# 0-1

[Event "Okay, now I'm serious."]
[Site "http://www.queenalice.com/game.php?id=931758"]
[Date "2011.4.29"]
[Round "-"]
[White "brooknewton"]
[Black "shimrah"]
[Result "0-1"]
[WhiteElo "1443"]
[BlackElo "1377"]

1. e4 e5 2. c3 Nf6 3. f3 c6 4. g4 d5 5. g5 Nh5 6. Nh3 g6 7. d4 f6 8. b4 Be7 9.
dxe5 fxe5 10. a3 Nd7 11. Rg1 O-O 12. c4 Nb6 13. c5 Nc4 14. exd5 cxd5 15. f4 Nxf4
16. Nxf4 exf4 17. Bxc4 dxc4 18. Bxf4 Rxf4 19. Nd2 Bxg5 20. Rc1 Rd4 21. Rg2 Bxd2+
22. Rxd2 Qh4+ 23. Kf1 Bh3+ 24. Rg2 Rf8+ 25. Kg1 Rxd1+ 26. Rxd1 Bxg2 27. Rd2 Qe1+
28. Kxg2 Qxd2+ 29. Kh3 Rf4 30. Kg3 Qe3+ 31. Kg2 Rf2+ 32. Kg1 Qe1# 0-1

[Event "A New Beginning..."]
[Site "http://www.queenalice.com/game.php?id=1596303"]
[Date "2020.1.14"]
[Round "-"]
[White "brooknewton"]
[Black "shimella"]
[Result "1-0"]
[WhiteElo "1424"]
[BlackElo "1214"]

1. e3 Nc6 2. c3 e5 3. Na3 d5 4. g4 f6 5. b4 a5 6. b5 Nce7 7. h4 c6 8. Qa4 Bd7 9.
h5 Nh6 10. f3 b6 11. c4 cxb5 12. cxb5 Qc7 13. Qc2 Rc8 14. Qxc7 Rxc7 15. Nh3 d4
16. d3 Nd5 17. exd4 exd4 18. g5 Nf5 19. gxf6 Nxf6 20. Bf4 Bb4+ 21. Kf2 Rc3 22.
Re1+ Kf8 23. Nb1 Rc2+ 24. Re2 Rc5 25. a3 Rc1 26. Bxc1 Bxb5 27. axb4 Bxd3 28. Re5
Bxb1 29. bxa5 bxa5 30. Ba3+ Ne7 31. Bxe7+ Kg8 32. Bc4+ Nd5 33. Bxd5# 1-0

[Event "Challenge"]
[Site "http://www.queenalice.com/game.php?id=1604734"]
[Date "2020.3.28"]
[Round "-"]
[White "shimella"]
[Black "brooknewton"]
[Result "0-1"]
[WhiteElo "1185"]
[BlackElo "1432"]

1. e4 e5 2. d3 h6 3. Nf3 f6 4. h4 h5 5. g3 c6 6. Bh3 a5 7. O-O Nh6 8. d4 d6 9.
d5 Bxh3 10. Re1 cxd5 11. Qxd5 Nc6 12. Nh2 Nb4 13. Qxb7 Nxc2 14. Rd1 Nxa1 15. Rd2
d5 16. f3 Rc8 17. Rxd5 Bc5+ 18. Rxc5 Rxc5 19. Be3 Qd1+ 20. Kf2 Rc2+ 21. Nd2 Rc1
22. Qb8+ Kf7 23. Bb6 Qxd2# 0-1

[Event "Challenge"]
[Site "http://www.queenalice.com/game.php?id=1611324"]
[Date "2020.5.8"]
[Round "-"]
[White "shimella"]
[Black "brooknewton"]
[Result "0-1"]
[WhiteElo "1204"]
[BlackElo "1418"]

1. Nc3 c6 2. d4 d5 3. e4 e6 4. Qg4 h5 5. Qh3 e5 6. Qg3 h4 7. Qxe5+ Qe7 8. Nf3 f6
9. Qxe7+ Nxe7 10. exd5 Nxd5 11. Nxd5 cxd5 12. Bf4 g5 13. Bc7 Rh7 14. Bb5+ Nc6
15. Bxc6+ bxc6 16. Ba5 Rb8 17. O-O-O Rhb7 18. Rde1+ Be7 19. b3 Rb5 20. Re6 Bxe6
21. Bc7 Ba3+ 22. Kd1 R8b7 23. Re1 Kd7 24. c4 dxc4 25. Be5 fxe5 26. Nxe5+ Kd6 27.
bxc4 Rb1+ 28. Kd2 R7b2+ 29. Kd3 Rxe1 30. c5+ Kd5 31. Nc4 Bf5+ 32. Kc3 Rxa2 33.
Ne3+ Ke6 34. Kb3 Ree2 35. Nd1 Kd5 36. Nc3+ Ke6 37. Nxa2 Bb2 38. Nc3 Rxf2 39. Kc4
h3 40. gxh3 Rxh2 41. d5+ cxd5+ 42. Nxd5 Rc2+ 43. Kb5 Kxd5 44. c6 Be5 45. Ka6
Kxc6 46. Kxa7 Ra2# 0-1

[Event "Challenge"]
[Site "http://www.queenalice.com/game.php?id=1622122"]
[Date "2020.7.29"]
[Round "-"]
[White "shimella"]
[Black "brooknewton"]
[Result "0-1"]
[WhiteElo "1226"]
[BlackElo "1425"]

1. e4 a6 2. c4 c6 3. d3 e5 4. f4 d6 5. h3 g6 6. f5 Qh4+ 7. g3 Qxg3+ 8. Ke2 gxf5
9. Qe1 f4 10. Bd2 b5 11. Na3 b4 12. Bxb4 Qe3+ 13. Kd1 d5 14. Nc2 Qxe1+ 15. Nxe1
Bxb4 16. a3 Bc5 17. b4 Bd4 18. Rc1 dxe4 19. dxe4 a5 20. c5 axb4 21. axb4 Be6 22.
Nef3 Bb3+ 23. Ke1 Be3 24. Rc3 Ra1+ 25. Ke2 Ra2+ 26. Kd3 Ba4 27. Nxe5 Bb5+ 28.
Nc4 Nd7 29. Nf3 Ngf6 30. Ne1 Ne5# 0-1

[Event "Challenge"]
[Site "http://www.queenalice.com/game.php?id=1631711"]
[Date "2020.11.2"]
[Round "-"]
[White "shimella"]
[Black "brooknewton"]
[Result "0-1"]
[WhiteElo "1228"]
[BlackElo "1433"]

1. e4 g6 2. d4 a6 3. d5 c5 4. b4 cxb4 5. Qd4 f6 6. e5 a5 7. exf6 exf6 8. d6 Nc6
9. Qc5 b6 10. Qd5 f5 11. Bb2 Nf6 12. Qd3 Ba6 13. Qe3+ Ne4 14. Bxh8 Bxd6 15. Bxa6
Rxa6 16. Qd3 Nb8 17. f3 Nc5 18. Qxd6 Nb7 19. Qe5+ Kf8 20. Bg7+ Kf7 21. Nc3 Nc6
22. Qe2 Nc5 23. Qxa6 Nxa6 24. Nd5 Kxg7 25. Rd1 Nc5 26. Nf4 Qe7+ 27. Nge2 Nd4 28.
Kf2 Qe5 29. Nxd4 Qxf4 30. g3 Qe5 31. Rhe1 Qf6 32. h4 f4 33. gxf4 Qxf4 34. Re7+
Kf6 35. Rde1 Qxd4+ 36. Kg3 h6 37. Rh7 Ne6 38. Rxh6 Qf4+ 39. Kf2 Qxh6 40. Rd1
Qxh4+ 41. Kf1 Qf4 42. Rxd7 Qc1+ 43. Kf2 Qxc2+ 44. Kg3 Qxa2 45. Rb7 b5 46. Rxb5
g5 47. Kg4 Qg2+ 48. Kh5 Qh3# 0-1